Thermodynamics (Record no. 8344)

000 -LEADER
fixed length control field 00603nam a2200217 i 4500
001 - CONTROL NUMBER
control field 8344
003 - CONTROL NUMBER IDENTIFIER
control field BD-DhUET
008 - FIXED-LENGTH DATA ELEMENTS--GENERAL INFORMATION
fixed length control field 770308s1978 nyua b 001 0 eng
020 ## - INTERNATIONAL STANDARD BOOK NUMBER
International Standard Book Number 0023355301
040 ## - CATALOGING SOURCE
Original cataloging agency DLC
Transcribing agency DLC
Modifying agency BD-DhUET
082 ## - DEWEY DECIMAL CLASSIFICATION NUMBER
Classification number 621.01
Item number FAI/1970
100 ## - MAIN ENTRY--PERSONAL NAME
Personal name Faires, Virgil Moring
245 10 - TITLE STATEMENT
Title Thermodynamics
Statement of responsibility, etc. by Virgil Moring Faires and Clifford Max Simmang
250 ## - EDITION STATEMENT
Edition statement 6th ed.
260 ## - PUBLICATION, DISTRIBUTION, ETC. (IMPRINT)
Place of publication, distribution, etc. New York
Name of publisher, distributor, etc. Macmillan
Date of publication, distribution, etc. 1970
300 ## - PHYSICAL DESCRIPTION
Extent xxiii, 647 p.
Other physical details ill.
Dimensions 26 cm.
504 ## - BIBLIOGRAPHY, ETC. NOTE
Bibliography, etc Includes bibliographies
650 #0 - SUBJECT ADDED ENTRY--TOPICAL TERM
Topical term or geographic name as entry element Thermodynamics
700 ## - ADDED ENTRY--PERSONAL NAME
Personal name Simmang, Clifford Max
942 ## - ADDED ENTRY ELEMENTS (KOHA)
Koha item type General Book
Holdings
Withdrawn status Koha item type Piece designation (barcode) Damaged status Koha full call number Source of classification or shelving scheme Sublocation or collection (holding branch) Not for loan Lost status Koha date last seen Location (home branch) Koha normalized classification for sorting Price effective from Date acquired Shelving location Copy number
 General Book42943 621.01/FAI/1978 Central Library, BUET  2015-01-20Central Library, BUET621_010000000000000_FAI_19782015-01-202015-01-20Circulation section1
 Rental Item63135 621.01 FAI/1970 Central Library, BUET  2024-12-11Central Library, BUET621_010000000000000_FAI_19702024-12-111985-06-11Rental section৬/ক-১
 Rental Item63136 621.01 FAI/1970 Central Library, BUET  2024-12-11Central Library, BUET621_010000000000000_FAI_19702024-12-111985-06-11Rental section৬/ক-২
 Rental Item63137 621.01 FAI/1970 Central Library, BUET  2024-12-11Central Library, BUET621_010000000000000_FAI_19702024-12-111985-06-11Rental section৬/ক-৩
 Rental Item63138 621.01 FAI/1970 Central Library, BUET  2024-12-11Central Library, BUET621_010000000000000_FAI_19702024-12-111985-06-11Rental section৬/ক-৪
 Rental Item63139 621.01 FAI/1970 Central Library, BUET  2024-12-11Central Library, BUET621_010000000000000_FAI_19702024-12-111985-06-11Rental section৬/ক-৫
 Rental Item63140 621.01 FAI/1970 Central Library, BUET  2024-12-11Central Library, BUET621_010000000000000_FAI_19702024-12-111985-06-11Rental section৬/ক-৬
 Rental Item63141 621.01 FAI/1970 Central Library, BUET  2024-12-11Central Library, BUET621_010000000000000_FAI_19702024-12-111985-06-11Rental section৬/ক-৭
 Rental Item63142 621.01 FAI/1970 Central Library, BUET  2024-12-11Central Library, BUET621_010000000000000_FAI_19702024-12-111985-06-11Rental section৬/ক-৮
 Rental Item63143 621.01 FAI/1970 Central Library, BUET  2024-12-11Central Library, BUET621_010000000000000_FAI_19702024-12-111985-06-11Rental section৬/ক-৯
 Rental Item63144 621.01 FAI/1970 Central Library, BUET  2024-12-11Central Library, BUET621_010000000000000_FAI_19702024-12-111985-06-11Rental section৬/ক-১০
 Rental Item63145 621.01 FAI/1970 Central Library, BUET  2024-12-11Central Library, BUET621_010000000000000_FAI_19702024-12-111985-06-11Rental section৬/ক-১১
 Rental Item63146 621.01 FAI/1970 Central Library, BUET  2024-12-11Central Library, BUET621_010000000000000_FAI_19702024-12-111985-06-11Rental section৬/ক-১২
 Rental Item63147 621.01 FAI/1970 Central Library, BUET  2024-12-11Central Library, BUET621_010000000000000_FAI_19702024-12-111985-06-11Rental section৬/ক-১৩
 Rental Item63148 621.01 FAI/1970 Central Library, BUET  2024-12-11Central Library, BUET621_010000000000000_FAI_19702024-12-111985-06-11Rental section৬/ক-১৪
 Rental Item63149 621.01 FAI/1970 Central Library, BUET  2024-12-11Central Library, BUET621_010000000000000_FAI_19702024-12-111985-06-11Rental section৬/ক-১৫
 Rental Item63150 621.01 FAI/1970 Central Library, BUET  2024-12-11Central Library, BUET621_010000000000000_FAI_19702024-12-111985-06-11Rental section৬/ক-১৬
 Rental Item63151 621.01 FAI/1970 Central Library, BUET  2024-12-11Central Library, BUET621_010000000000000_FAI_19702024-12-111985-06-11Rental section৬/ক-১৭
 Rental Item63152 621.01 FAI/1970 Central Library, BUET  2024-12-11Central Library, BUET621_010000000000000_FAI_19702024-12-111985-06-11Rental section৬/ক-১৮
 Rental Item63153 621.01 FAI/1970 Central Library, BUET  2024-12-11Central Library, BUET621_010000000000000_FAI_19702024-12-111985-06-11Rental section৬/ক-১৯
 Rental Item63154 621.01 FAI/1970 Central Library, BUET  2024-12-11Central Library, BUET621_010000000000000_FAI_19702024-12-111985-06-11Rental section৬/ক-২০